Champions League Winning Number 9's - Statistics

General Stats
  • This quiz has been taken 57 times
  • The average score is 11 of 23
Answer Stats
Answer % Correct
Karim Benzema
98%
Roberto Firmino
88%
Robert Lewandowski
87%
Luis Suarez
85%
Erling Haaland
83%
Samuel Eto'o
81%
Gonçalo Ramos
67%
Filippo Inzaghi
65%
Fernando Torres
60%
Mario Mandžukić
54%
Andy Cole
48%
Fernando Morientes
48%
Patrick Kluivert
37%
Tammy Abraham
33%
Bojan
27%
Louis Saha
23%
Djibril Cissé
21%
Giovane Élber
21%
Davor Šuker
19%
Gianluca Vialli
13%
Rudi Völler
13%
Stéphane Chapuisat
8%
Edgaras Jankauskas
0%
No matching quizzes found
Score Distribution
Percent of People with Each Score
Percentile by Number Answered
Your Score History
You have not taken this quiz